Southville International School and Colleges
Your cart is empty.
  • Cart
  • Lists
    Public lists Eva Luna New books Lux_list list_1
    Your lists Log in to create your own lists
  • Log in to your account
  • Your cookies
  • Search history
Southville International School and Colleges
  • Advanced search
  • Recent comments
  • Most popular
  • Libraries

Log in to your account

Log in with GOOGLE


If you do not have an external account, but do have a local account, you can still log in:

  1. Home
  2. MARC view: The illustrated Virago book of Women Travellers /
Normal view MARC view ISBD view

The illustrated Virago book of Women Travellers / (Record no. 25544)

[ view plain ]
MARC details
000 -LEADER
fixed length control field 00545nam a2200193 a 4500
003 - CONTROL NUMBER IDENTIFIER
control field OSt
005 - DATE AND TIME OF LATEST TRANSACTION
control field 20140310183627.0
008 - FIXED-LENGTH DATA ELEMENTS--GENERAL INFORMATION
fixed length control field 070205s19uu xx 00 eng d
020 ## - INTERNATIONAL STANDARD BOOK NUMBER
International Standard Book Number 0316858315
050 ## - LIBRARY OF CONGRESS CALL NUMBER
Classification number G 4645
Item number .Il29 2002
100 ## - MAIN ENTRY--PERSONAL NAME
Personal name Morris, Mary,
245 ## - TITLE STATEMENT
Title The illustrated Virago book of Women Travellers /
Statement of responsibility, etc edited by Mary Morris and Larry O'Connor
260 ## - PUBLICATION, DISTRIBUTION, ETC. (IMPRINT)
Place of publication, distribution, etc London :
Name of publisher, distributor, etc Virago,
Date of publication, distribution, etc 2002.
300 ## - PHYSICAL DESCRIPTION
Extent 246 p. :
Other physical details col. ill. ;
Dimensions 27 cm.
521 ## - TARGET AUDIENCE NOTE
Target audience note
650 ## - SUBJECT ADDED ENTRY--TOPICAL TERM
Topical term or geographic name as entry element Women travelers.
942 ## - ADDED ENTRY ELEMENTS (KOHA)
Koha item type Books
Source of classification or shelving scheme Library of Congress Classification
Call number prefix Foreign
Holdings
Withdrawn status Lost status Source of classification or shelving scheme Damaged status Home library Current library Shelving location Date acquired Total Checkouts Full call number Barcode Date last seen Copy number Price effective from Koha item type
    Library of Congress Classification   College Library College Library General Circulation Section 10/26/2013   G 4645 .Il29 2002 C7902 05/15/2018 1 10/26/2013 Books

The illustrated Virago book of Women Travellers /

APA

Morris M., . (2002). The illustrated Virago book of Women Travellers. London: Virago.

Chicago

Morris Mary, . 2002. The illustrated Virago book of Women Travellers. London: Virago.

Harvard

Morris M., . (2002). The illustrated Virago book of Women Travellers. London: Virago.

MLA

Morris Mary, . The illustrated Virago book of Women Travellers. London: Virago. 2002.

  • Place hold
  • Print
  • Cite
  • Add to your cart (remove)
  • Save record
    BIBTEX Dublin Core MARCXML MARC (non-Unicode/MARC-8) MARC (Unicode/UTF-8) MARC (Unicode/UTF-8, Standard) MODS (XML) RIS
  • More searches
    Search for this title in:
    Other Libraries (WorldCat) Other Databases (Google Scholar) Online Stores (Bookfinder.com) Open Library (openlibrary.org)

Exporting to Dublin Core...

SOUTHVILLE LIBRARY

Southville International School and Colleges Library

1281 Tropical Ave. Cor. Luxembourg St., BF Homes International, Las Pinas City

Tel. No. 8256374 / 252358 Loc. 117/146

Powered by Koha